00756 2200253 4500001002100000005001500021035002000036007000300056008004100059020002200100082001000122084001600132100002400148245014900172260003500321300003600356650001100392700002500403700000900428520003000437520001300467990001100480990001100491INLIS00000000000295720190119114346 a0010-0119000309ta190119 g 0 ind  a978-602-1634-05-9 a355.1 a355.1 LOR p0 aLORENZO, Yauwerissa1 aPasukan Polisi Istimewa :bPrajurit Istimewa dalam Perjuangan Kemerdekaan di Jawa Timur /cLorenzo Yauwerissa, Pusat Sejarah Polri; editor, Mapa aYogyakarta :bMata Padi,c2015 axxvi, 181 hlm. :bilus ;c23 cm aPOLISI0 aPUSAT, Sejarah Polri0 aMAPA aBibliografi: hlm. 169-172 alampiran a6411 a a6411 b